000
00282nam a2200121Ia 4500
008
190216s9999||||xx |||||||||||||| ||und||
100
_a
Shakespere
245
0
_a
Precis Writing
260
_b
Parthasarathy Cheriath
_c
1968
300
_a
56p
650
_a
English Grammar
942
_c
BK
999
_c
13279
_d
13279